[Event "Open"]
[Site "Schneeberg"]
[Date "2009.03.10"]
[Round "2.2"]
[White "Bulano, Alexander"]
[Black "Moche, Norbert"]
[Result "1-0"]
[WhiteElo "1816"]
[BlackElo "1705"]
[PlyCount "63"]
[EventDate "2009.??.??"]

1. d4 d5 2. c4 e6 3. Nf3 Nf6 4. e3 Be7 5. Nc3 Nbd7 6. Qc2 h6 7. Bd3 dxc4 8.
Bxc4 b6 9. Bd3 Bb7 10. Bd2 c5 11. O-O-O Rc8 12. Kb1 cxd4 13. Nxd4 a6 14. Rc1
Nd5 15. Qd1 Nb4 16. Be2 Ne5 17. Qf1 b5 18. a3 Nbc6 19. Ncxb5 axb5 20. Bxb5 O-O
21. Nxc6 Nxc6 22. Qe2 Qb6 23. Bc3 e5 24. a4 Bf6 25. Qg4 Qd8 26. Rhd1 Qb6 27.
Rd6 Bg5 28. h4 f5 29. Qc4+ Rf7 30. hxg5 hxg5 31. Qe6 Qc7 32. Bxe5 1-0

[Event "Open"]
[Site "Schneeberg"]
[Date "2009.03.10"]
[Round "3.1"]
[White "Meijers, Viesturs"]
[Black "Natsidis, Christoph"]
[Result "1/2-1/2"]
[WhiteElo "2493"]
[BlackElo "2302"]
[PlyCount "122"]
[EventDate "2009.??.??"]
[WhiteTeam "Lettland"]
[BlackTeam "Deutschland"]
[WhiteTeamCountry "LAT"]
[BlackTeamCountry "GER"]

1. c4 e6 2. b3 Nf6 3. Bb2 b6 4. e3 Bb7 5. Nf3 c5 6. g3 Be7 7. Bg2 O-O 8. O-O
Qc7 9. Nc3 a6 10. Rc1 d6 11. d4 cxd4 12. exd4 Nbd7 13. Qe2 Rfe8 14. Rfd1 Bf8
15. a3 Rac8 16. Ng5 Bxg2 17. Kxg2 Qb7+ 18. Kg1 d5 19. Qf3 h6 20. Nh3 Qa8 21.
cxd5 Nxd5 22. Nxd5 Qxd5 23. Qxd5 exd5 24. Nf4 Nf6 25. Kf1 Bd6 26. Ng2 Kf8 27.
Ne3 g6 28. Ke2 Ke7 29. Kd3 Kd7 30. f3 h5 31. Ng2 Bf8 32. Rxc8 Rxc8 33. Bc1 Ne8
34. Bd2 Nc7 35. a4 Bd6 36. Rh1 Rb8 37. g4 b5 38. a5 b4 39. gxh5 gxh5 40. Nf4
Bxf4 41. Bxf4 Rg8 42. Bg3 Ne6 43. Ra1 Rc8 44. Be1 Nf4+ 45. Ke3 Ng2+ 46. Kf2
Rc2+ 47. Kg3 Nxe1 48. Rxe1 f6 49. h3 Rc3 50. Rb1 Rd3 51. Kf4 Rxd4+ 52. Kf5 Rd3
53. f4 Rxh3 54. Kxf6 d4 55. Ke5 d3 56. Rd1 Re3+ 57. Kd4 Rf3 58. Ke4 Rg3 59. Rd2
Rh3 60. Rg2 Ke7 61. Rg7+ Kf6 1/2-1/2

[Event "Open"]
[Site "Schneeberg"]
[Date "2009.03.10"]
[Round "3.1"]
[White "Melamed, Tatiana"]
[Black "Simutowe, Amon"]
[Result "0-1"]
[WhiteElo "2293"]
[BlackElo "2485"]
[PlyCount "166"]
[EventDate "2009.??.??"]

1. e4 c5 2. Nf3 e6 3. c3 Nf6 4. e5 Nd5 5. d4 cxd4 6. cxd4 d6 7. Bc4 Nb6 8. Bd3
dxe5 9. dxe5 N8d7 10. Qe2 Nc5 11. Bc2 Be7 12. O-O Nd5 13. Bd2 b6 14. b4 Ba6 15.
b5 Bb7 16. Nc3 Nxc3 17. Bxc3 O-O 18. Rfd1 Qc7 19. Nd4 a6 20. Qg4 Rfd8 21. bxa6
Bxa6 22. Bb4 Bb7 23. Re1 Rd5 24. Nb5 Qc6 25. a4 Qd7 26. Ra3 g6 27. Rh3 Qd8 28.
Nd6 Bxd6 29. exd6 Rg5 30. Qd4 Rxg2+ 31. Kf1 Qg5 32. Rg3 Rxg3 33. hxg3 Nd7 34.
Bc3 e5 35. Qh4 Qxh4 36. gxh4 Rc8 37. Re3 Rc6 38. Be4 Ba6+ 39. Kg2 Rxd6 40. Bf3
f6 41. a5 bxa5 42. Bxa5 Nf8 43. Bb4 Rd4 44. Bc5 Rd7 45. Ra3 Bb7 46. Bxb7 Rxb7
47. Ra8 Rf7 48. Kf3 Kg7 49. Re8 Nd7 50. Be7 f5 51. Bd6 Kh6 52. Be7 Nf6 53. Bxf6
Rxf6 54. Rxe5 Kh5 55. Re7 h6 56. Kg3 Ra6 57. Re3 Ra1 58. Rb3 Rg1+ 59. Kh2 Rg4
60. f3 Rxh4+ 61. Kg3 Kg5 62. Rb6 Ra4 63. Rc6 Kh5 64. Rc5 Kg5 65. Rc6 h5 66. Rb6
h4+ 67. Kh3 Ra3 68. Kg2 h3+ 69. Kg3 f4+ 70. Kf2 h2 71. Kg2 Rxf3 72. Kxh2 Rg3
73. Rb5+ Kg4 74. Rb6 g5 75. Rb5 Ra3 76. Rb2 Kh4 77. Rf2 f3 78. Rb2 g4 79. Rb4
Ra2+ 80. Kg1 Kh3 81. Rb3 g3 82. Rxf3 Ra1+ 83. Rf1 Rxf1+ 0-1

[Event "Open"]
[Site "Schneeberg"]
[Date "2009.03.10"]
[Round "3.1"]
[White "Schulz, Karsten"]
[Black "Ksieski, Zbigniew"]
[Result "1/2-1/2"]
[WhiteElo "2288"]
[BlackElo "2385"]
[PlyCount "58"]
[EventDate "2009.??.??"]
[WhiteTeam "Deutschland"]
[BlackTeam "Polen"]
[WhiteTeamCountry "GER"]
[BlackTeamCountry "POL"]

1. d4 Nf6 2. Bf4 g6 3. e3 Bg7 4. Nf3 O-O 5. Be2 d6 6. O-O Nc6 7. h3 Nd7 8. e4
Nxd4 9. Nxd4 Bxd4 10. Qxd4 e5 11. Bxe5 dxe5 12. Qe3 Qf6 13. Nc3 c6 14. Rad1 Qf4
15. Qc1 Qxc1 16. Rxc1 Nb6 17. Rcd1 Be6 18. Bg4 Bc4 19. Rfe1 h5 20. Be2 Rfd8 21.
b3 Be6 22. h4 Kg7 23. Rxd8 Rxd8 24. Rd1 Rd4 25. f3 Kh6 26. Kf2 f5 27. Bd3 f4
28. Rg1 Rd8 29. g3 fxg3+ 1/2-1/2

[Event "Open"]
[Site "Schneeberg"]
[Date "2009.03.10"]
[Round "3.1"]
[White "Vasilevich, Tatjana"]
[Black "Schnabel, Ralf"]
[Result "1-0"]
[WhiteElo "2381"]
[BlackElo "2245"]
[PlyCount "59"]
[EventDate "2009.??.??"]

1. d4 f5 2. g3 Nf6 3. Bg2 g6 4. Nf3 Bg7 5. O-O d6 6. c4 O-O 7. Nc3 Qe8 8. d5 c5
9. Rb1 h6 10. b3 g5 11. Nb5 Na6 12. h4 g4 13. Ne1 Bd7 14. Nd3 Nh5 15. Nf4 Nxf4
16. Bxf4 Bxb5 17. cxb5 Qxb5 18. Qd2 Rf6 19. e4 fxe4 20. Bxe4 Raf8 21. Rfe1 Qb4
22. Qe3 Nc7 23. Rbc1 b5 24. Rcd1 a5 25. Re2 Ra8 26. Qc1 c4 27. Bd2 Qc5 28. Be3
Qb4 29. a3 Qxb3 30. Bc2 1-0

[Event "Open"]
[Site "Schneeberg"]
[Date "2009.03.10"]
[Round "3.1"]
[White "Eichner, Sebastian"]
[Black "Fischer, Gerd"]
[Result "1-0"]
[WhiteElo "2326"]
[BlackElo "1998"]
[PlyCount "95"]
[EventDate "2009.??.??"]
[WhiteTeam "Deutschland"]
[BlackTeam "Deutschland"]
[WhiteTeamCountry "GER"]
[BlackTeamCountry "GER"]

1. d4 e6 2. e4 d5 3. Nc3 Nf6 4. Bg5 Be7 5. e5 Nfd7 6. Bxe7 Qxe7 7. f4 O-O 8.
Nf3 c5 9. dxc5 Nxc5 10. Bd3 f6 11. exf6 Qxf6 12. g3 Nc6 13. O-O Bd7 14. Qd2 Be8
15. Rae1 Nxd3 16. cxd3 Bg6 17. Ne5 Nxe5 18. Rxe5 Bf5 19. Rfe1 Qg6 20. Nb5 Rf6
21. R1e3 Bh3 22. Rf3 Qg4 23. Nd4 Raf8 24. Qf2 h6 25. f5 Qh5 26. Nxe6 Rxf5 27.
Rfxf5 Rxf5 28. Nf4 Qf7 29. Rxf5 Bxf5 30. Qd4 b6 31. Qe5 Qd7 32. Qxd5+ Qxd5 33.
Nxd5 Bxd3 34. Ne7+ Kf7 35. Nc6 Ke6 36. Nxa7 Kd7 37. Kf2 Kc7 38. Ke3 Bf1 39. a4
Bc4 40. Kd4 Be2 41. Nb5+ Bxb5 42. axb5 Kd6 43. g4 g6 44. h4 Ke6 45. Ke4 Kd6 46.
h5 gxh5 47. gxh5 Ke6 48. b3 1-0

[Event "Open"]
[Site "Schneeberg"]
[Date "2009.03.10"]
[Round "3.1"]
[White "Bachmann, Uwe"]
[Black "Wichmann, Cliff"]
[Result "0-1"]
[WhiteElo "2042"]
[BlackElo "2389"]
[PlyCount "116"]
[EventDate "2009.??.??"]

1. Nf3 d5 2. d4 Nf6 3. Bf4 c5 4. dxc5 Nc6 5. e3 Bg4 6. Be2 e6 7. Bd6 Bxd6 8.
cxd6 Qxd6 9. O-O O-O 10. c3 Rab8 11. Nbd2 b5 12. Nb3 Rfc8 13. Nbd4 Bxf3 14.
Bxf3 b4 15. cxb4 Qxb4 16. Rc1 Nxd4 17. Qxd4 Qxd4 18. exd4 Ne8 19. b3 Nd6 20.
Rc5 Nf5 21. Rfc1 Rd8 22. Rc7 a5 23. Ra7 Nxd4 24. Rxa5 g6 25. Bd1 Rb6 26. Kf1
Kg7 27. Ra7 Nb5 28. Ra5 d4 29. Rc4 Nc3 30. Ke1 e5 31. Rxe5 Nxa2 32. Re4 Rbd6
33. Re7 Nc3 34. Rcc7 Rf6 35. Bf3 Kf8 36. Red7 Re8+ 37. Kd2 Nb5 38. Rb7 Re5 39.
Rb8+ Kg7 40. Rbb7 Nd6 41. Rb4 Nf5 42. Rbb7 Nh4 43. Rxd4 Nxf3+ 44. gxf3 Rxf3 45.
b4 Rxf2+ 46. Kc3 Rxh2 47. b5 h5 48. Rdd7 Rf5 49. b6 Rh3+ 50. Kc4 Rh4+ 51. Rd4
Rxd4+ 52. Kxd4 Rb5 53. Kc4 Rb2 54. Kc5 h4 55. Ra7 g5 56. Ra4 h3 57. Ra1 h2 58.
Kc6 g4 0-1

[Event "Open"]
[Site "Schneeberg"]
[Date "2009.03.10"]
[Round "3.1"]
[White "Laubsch, Bernd"]
[Black "Lassahn, Holger"]
[Result "1-0"]
[WhiteElo "2285"]
[BlackElo "2007"]
[PlyCount "41"]
[EventDate "2009.??.??"]
[WhiteTeam "Deutschland"]
[BlackTeam "Deutschland"]
[WhiteTeamCountry "GER"]
[BlackTeamCountry "GER"]

1. e4 e5 2. Nf3 d6 3. d4 Nc6 4. Bb5 exd4 5. Nxd4 Bd7 6. O-O Nxd4 7. Bxd7+ Qxd7
8. Qxd4 Nf6 9. e5 dxe5 10. Qxe5+ Be7 11. Re1 O-O-O 12. Nc3 Rhe8 13. Be3 Ng4 14.
Qxg7 Rg8 15. Qxf7 Nxh2 16. Qh5 Bd6 17. Ne4 Be5 18. Rad1 Qg4 19. Rxd8+ Kxd8 20.
Bg5+ Rxg5 21. Qxg5+ 1-0

[Event "Open"]
[Site "Schneeberg"]
[Date "2009.03.10"]
[Round "3.2"]
[White "Coder, Thorsten"]
[Black "Jandke, Manfred"]
[Result "0-1"]
[WhiteElo "1986"]
[BlackElo "2177"]
[PlyCount "122"]
[EventDate "2009.??.??"]
[WhiteTeam "Deutschland"]
[BlackTeam "Deutschland"]
[WhiteTeamCountry "GER"]
[BlackTeamCountry "GER"]

1. d4 Nf6 2. Nf3 d5 3. Bf4 c6 4. e3 Qb6 5. Qc1 Bf5 6. Bd3 Bxd3 7. cxd3 Nbd7 8.
O-O e6 9. Nc3 Nh5 10. Bg3 Nxg3 11. hxg3 Be7 12. Qd2 O-O 13. Rfc1 Qa6 14. e4
Rad8 15. Re1 dxe4 16. dxe4 e5 17. Qe2 Qxe2 18. Rxe2 exd4 19. Nxd4 Bf6 20. Nf5
Bxc3 21. bxc3 Nc5 22. f3 g6 23. Nh6+ Kg7 24. Ng4 Rd3 25. Rc2 Rfd8 26. Nf2 Rd2
27. Rac1 h5 28. Kf1 b5 29. Ke1 R2d7 30. Rd1 Rxd1+ 31. Nxd1 Re8 32. Kd2 a5 33.
Nf2 f6 34. Kd1 Na4 35. Kd2 c5 36. c4 b4 37. Nd3 Kf7 38. Ke3 g5 39. f4 Ke6 40.
Rd2 Rc8 41. e5 Nb6 42. Nb2 fxe5 43. Ke4 exf4 44. gxf4 gxf4 45. Kxf4 a4 46. Rc2
Rd8 47. Re2+ Kf6 48. Ke4 a3 49. Rf2+ Kg6 50. Nd3 Rd4+ 51. Ke3 Nxc4+ 52. Ke2
Re4+ 53. Kd1 Ne3+ 54. Kc1 Rc4+ 55. Kb1 Kg5 56. Rf3 Nd5 57. Ne5 Re4 58. Nf7+ Kg6
59. Nd6 Re1+ 60. Kc2 Re2+ 61. Kb3 Nb6 0-1

[Event "Open"]
[Site "Schneeberg"]
[Date "2009.03.10"]
[Round "3.2"]
[White "Eichner, Christian"]
[Black "Bulano, Alexander"]
[Result "1-0"]
[WhiteElo "2161"]
[BlackElo "1816"]
[PlyCount "77"]
[EventDate "2009.??.??"]

1. e4 e6 2. d4 b6 3. Bd3 Bb7 4. Nf3 d6 5. O-O Nd7 6. Re1 g6 7. Bg5 f6 8. Bd2
Nh6 9. c4 Nf7 10. Bc3 Bg7 11. Nbd2 O-O 12. Rc1 e5 13. Bb1 a5 14. a3 Re8 15. b4
axb4 16. axb4 exd4 17. Nxd4 Bh6 18. Qb3 Nde5 19. Rcd1 Qd7 20. b5 Kg7 21. N2f3
Ra7 22. Bb2 Rea8 23. Nxe5 Nxe5 24. c5 Bc8 25. Qg3 Kh8 26. cxb6 Ra4 27. Nc6 Bg7
28. Bxe5 fxe5 29. bxc7 Qxc7 30. Bc2 Ra2 31. Qd3 Bf8 32. Bb3 R8a3 33. Qd5 Rxb3
34. Qxb3 Ra8 35. Ra1 Bb7 36. Rxa8 Bxa8 37. Ra1 Bxc6 38. Qc4 Kg7 39. Qxc6 1-0

[Event "Open"]
[Site "Schneeberg"]
[Date "2009.03.10"]
[Round "3.2"]
[White "Kuenne, Lutz Dieter Dr"]
[Black "Nabavi, Parwis"]
[Result "0-1"]
[WhiteElo "1620"]
[BlackElo "2113"]
[PlyCount "70"]
[EventDate "2009.??.??"]
[WhiteTeam "Deutschland"]
[BlackTeam "Schweiz"]
[WhiteTeamCountry "GER"]
[BlackTeamCountry "SUI"]

1. e4 e5 2. Nf3 Nc6 3. d4 exd4 4. Nxd4 Nf6 5. Nxc6 bxc6 6. Bd3 d5 7. exd5 cxd5
8. Qe2+ Be7 9. O-O O-O 10. c3 Re8 11. Qc2 Qd6 12. Nd2 Bg4 13. h3 Bh5 14. Re1
Bf8 15. Rxe8 Rxe8 16. Nf1 c5 17. Bg5 Bg6 18. Bxg6 hxg6 19. Bxf6 gxf6 20. Rd1
Bh6 21. Qd3 Re5 22. Qg3 Qa6 23. a3 Qe2 24. Qf3 Qxb2 25. Qxf6 Rf5 26. Qd8+ Kg7
27. Qh4 Qxc3 28. Qg3 Qxg3 29. Nxg3 Re5 30. Rd3 c4 31. Rc3 Re1+ 32. Kh2 Bf4 33.
Rf3 Be5 34. h4 c3 35. Rd3 c2 0-1

[Event "Open"]
[Site "Schneeberg"]
[Date "2009.03.10"]
[Round "3.2"]
[White "Fuchs, Florian"]
[Black "Wiezer, Siegfried"]
[Result "0-1"]
[WhiteElo "1878"]
[BlackElo "2030"]
[PlyCount "60"]
[EventDate "2009.??.??"]

1. d4 Nf6 2. c4 e6 3. Nc3 Bb4 4. f3 d5 5. a3 Bxc3+ 6. bxc3 O-O 7. e3 Nc6 8. Qc2
Re8 9. Bd3 Na5 10. cxd5 exd5 11. Ne2 c5 12. O-O c4 13. Bf5 Nb3 14. Bxc8 Nxa1
15. Qb1 Nb3 16. Bf5 Qe7 17. Kf2 Rad8 18. Ng3 g6 19. Bc2 Rd6 20. Bxb3 Rb6 21.
Re1 Rxb3 22. Qc2 h5 23. h4 Nd7 24. e4 Nb6 25. e5 Na4 26. Re3 Qxh4 27. f4 Qg4
28. f5 h4 29. f6 hxg3+ 30. Rxg3 Qxg3+ 0-1

[Event "Open"]
[Site "Schneeberg"]
[Date "2009.03.10"]
[Round "3.2"]
[White "Zimmermann, Rene"]
[Black "Hoffmann, Carol"]
[Result "1-0"]
[WhiteElo "2016"]
[BlackElo "1572"]
[PlyCount "49"]
[EventDate "2009.??.??"]
[WhiteTeam "Deutschland"]
[BlackTeam "Deutschland"]
[WhiteTeamCountry "GER"]
[BlackTeamCountry "GER"]

1. d4 e6 2. Nf3 c5 3. c4 cxd4 4. Nxd4 Nf6 5. Nc3 Bb4 6. Qc2 b6 7. e4 Bxc3+ 8.
bxc3 d5 9. cxd5 exd5 10. exd5 Qe7+ 11. Be2 Nxd5 12. O-O O-O 13. Qb3 Bb7 14. Ba3
Qg5 15. Bf3 Na6 16. c4 Nf4 17. Bxb7 Nc5 18. Bxc5 bxc5 19. Bxa8 Rxa8 20. Qf3 Re8
21. Rae1 Rf8 22. Nc6 h5 23. Re5 f5 24. Ne7+ Kh7 25. g3 1-0

[Event "Open"]
[Site "Schneeberg"]
[Date "2009.03.10"]
[Round "3.2"]
[White "Schoenfelder, Claus"]
[Black "Opitz, Frank"]
[Result "1/2-1/2"]
[WhiteElo "1542"]
[BlackElo "2009"]
[PlyCount "31"]
[EventDate "2009.??.??"]

1. e4 d5 2. exd5 Qxd5 3. Nf3 Bg4 4. Be2 c6 5. Nc3 Qd8 6. d3 Nf6 7. h3 Bxf3 8.
Bxf3 e6 9. a3 Qc7 10. O-O Nbd7 11. Bg5 Bd6 12. Ne4 Nxe4 13. Bxe4 Bh2+ 14. Kh1
Bf4 15. Bxf4 Qxf4 16. Qc1 1/2-1/2

[Event "Open"]
[Site "Schneeberg"]
[Date "2009.03.10"]
[Round "3.2"]
[White "Stark, Saskia"]
[Black "Vodel, Mathias"]
[Result "1-0"]
[WhiteElo "1929"]
[BlackElo "1715"]
[PlyCount "77"]
[EventDate "2009.??.??"]
[WhiteTeam "Deutschland"]
[BlackTeam "Deutschland"]
[WhiteTeamCountry "GER"]
[BlackTeamCountry "GER"]

1. e4 e6 2. d4 d5 3. Nd2 dxe4 4. Nxe4 Nd7 5. Nf3 Ngf6 6. Nxf6+ Nxf6 7. Be2 c5
8. O-O Qb6 9. c3 Be7 10. Qc2 Bd7 11. dxc5 Bxc5 12. Ne5 O-O 13. Bg5 Bb5 14. c4
Bc6 15. Bd3 Bd4 16. Bxf6 gxf6 17. Bxh7+ Kg7 18. Nxc6 bxc6 19. Be4 Rab8 20. Rab1
Rh8 21. b3 c5 22. Rfd1 Qc7 23. h3 Rbg8 24. Bf3 Kf8 25. Kf1 f5 26. b4 Rh4 27.
bxc5 Bxc5 28. Rb7 Qf4 29. Rdd7 Rg6 30. Rxf7+ Kg8 31. Rfc7 Bf8 32. Qd1 a5 33. g3
Rxg3 34. fxg3 Qxg3 35. Qe2 Qd6 36. Rc6 Qf4 37. Qxe6+ Kh8 38. Qf6+ Kg8 39. Qf7+
1-0

[Event "Open"]
[Site "Schneeberg"]
[Date "2009.03.10"]
[Round "3.2"]
[White "Gottwald, Lutz"]
[Black "Keydel, Martin"]
[Result "1-0"]
[WhiteElo "1900"]
[BlackElo "1526"]
[PlyCount "51"]
[EventDate "2009.??.??"]

1. d4 Nf6 2. c4 e6 3. Nc3 Bb4 4. Qc2 d5 5. Nf3 c6 6. Bg5 Nbd7 7. e3 Qa5 8. Bxf6
Bxc3+ 9. bxc3 Nxf6 10. Nd2 O-O 11. Bd3 h6 12. h3 Re8 13. f4 Nh5 14. g4 Ng3 15.
Rg1 Ne4 16. Bxe4 dxe4 17. Nxe4 Qd8 18. g5 Kh8 19. Qe2 Rg8 20. Qh5 Qf8 21. gxh6
gxh6 22. Kf2 f6 23. Rxg8+ Kxg8 24. Rg1+ Kh7 25. Qg6+ Kh8 26. Nxf6 1-0

[Event "Open"]
[Site "Schneeberg"]
[Date "2009.03.11"]
[Round "4.1"]
[White "Simutowe, Amon"]
[Black "Vasilevich, Tatjana"]
[Result "0-1"]
[WhiteElo "2485"]
[BlackElo "2381"]
[PlyCount "120"]
[EventDate "2009.??.??"]
[WhiteTeam "Zambia"]
[BlackTeam "Ukraine"]
[WhiteTeamCountry "ZAM"]
[BlackTeamCountry "UKR"]

1. e4 c5 2. Nf3 e6 3. d4 cxd4 4. Nxd4 Nc6 5. Nc3 Qc7 6. Be3 a6 7. Qd2 Nf6 8.
O-O-O Bb4 9. f3 Ne5 10. g4 h6 11. Kb1 Bxc3 12. Qxc3 Qxc3 13. bxc3 d5 14. exd5
Nxd5 15. Bd2 Nb6 16. Re1 Nec4 17. Bc1 Bd7 18. f4 O-O 19. Rg1 Rac8 20. g5 hxg5
21. Rxg5 f6 22. Rg3 e5 23. fxe5 fxe5 24. Nf3 Bf5 25. Nh4 Bh7 26. Ng6 Rf7 27.
Bg2 Rd8 28. h4 Bxg6 29. Rxg6 Nd5 30. Rg3 Nf4 31. Bf1 b5 32. Bd3 Rfd7 33. Bxf4
exf4 34. Bxc4+ bxc4 35. Rf3 Rf7 36. Re4 Rdf8 37. Rxc4 Kh7 38. Rc5 Rf5 39. Rc4
Kh6 40. Rc6+ R8f6 41. Rc8 Kh5 42. Rg8 g6 43. Rf1 f3 44. Rg1 Kxh4 45. Rh8+ Rh5
46. Rd8 f2 47. Rd4+ Kh3 48. Rd3+ Kh2 49. Rf1 Kg2 50. Rdd1 g5 51. Kb2 g4 52. c4
g3 53. Kc3 Rfh6 54. c5 Rxc5+ 55. Kb4 Rb5+ 56. Ka4 Rh4+ 57. Ka3 Rbh5 58. c4 Rh1
59. Rxf2+ gxf2 60. Rd2 Kg1 0-1

[Event "Open"]
[Site "Schneeberg"]
[Date "2009.03.11"]
[Round "4.1"]
[White "Ksieski, Zbigniew"]
[Black "Meijers, Viesturs"]
[Result "0-1"]
[WhiteElo "2385"]
[BlackElo "2493"]
[PlyCount "104"]
[EventDate "2009.??.??"]

1. d4 b6 2. Nf3 Bb7 3. g3 e6 4. Bg2 d6 5. O-O Nd7 6. c4 Ne7 7. Nc3 g6 8. d5 e5
9. e4 Bg7 10. Bd2 O-O 11. b4 a5 12. a3 Bc8 13. Qc2 f5 14. Ng5 Nf6 15. exf5 Nxf5
16. Nb5 axb4 17. axb4 Rxa1 18. Rxa1 Ng4 19. Ne4 Nd4 20. Nxd4 exd4 21. Bg5 Qe8
22. Re1 Kh8 23. Qd2 Ne5 24. Bh6 Qe7 25. Bxg7+ Qxg7 26. c5 Bh3 27. Ng5 Bxg2 28.
Kxg2 bxc5 29. bxc5 dxc5 30. Re4 Qf6 31. Qe2 Qxg5 32. Rxe5 Qd8 33. Qe4 Qf6 34.
f4 Kg8 35. h4 Kg7 36. h5 Rf7 37. hxg6 hxg6 38. Qc2 Re7 39. Rg5 Qd6 40. Qc4 Re3
41. f5 Qe5 42. Rxg6+ Kh7 43. Qf1 Qe4+ 44. Kh2 Re2+ 45. Kh3 Re1 46. Rh6+ Kg7 47.
Rg6+ Kf7 48. Qf4 Qxf4 49. gxf4 d3 50. d6 d2 51. dxc7 d1=Q 52. c8=Q Qf3+ 0-1

[Event "Open"]
[Site "Schneeberg"]
[Date "2009.03.11"]
[Round "4.1"]
[White "Nabavi, Parwis"]
[Black "Melamed, Tatiana"]
[Result "0-1"]
[WhiteElo "2113"]
[BlackElo "2293"]
[PlyCount "88"]
[EventDate "2009.??.??"]
[WhiteTeam "Schweiz"]
[BlackTeam "Ukraine"]
[WhiteTeamCountry "SUI"]
[BlackTeamCountry "UKR"]

1. d4 Nf6 2. c4 c5 3. d5 b5 4. cxb5 a6 5. bxa6 g6 6. Nc3 Bxa6 7. Nf3 Bg7 8. g3
d6 9. Bg2 Nbd7 10. O-O Nb6 11. Re1 O-O 12. Bf4 Nc4 13. Rb1 Qa5 14. Qc1 Rfb8 15.
Nd2 Ng4 16. Nb3 Qb4 17. h3 Nxb2 18. Bd2 Nc4 19. Ne4 Nxd2 20. Nbxd2 Bb2 21. Qc2
Ne5 22. Kh2 f5 23. Ng5 Qc3 24. Qxc3 Bxc3 25. Rxb8+ Rxb8 26. Rb1 Rxb1 27. Nxb1
Bb2 28. Bf1 c4 29. f4 Nd7 30. Ne6 c3 31. Nd4 Nb6 32. Bg2 Nc4 33. Nc2 Nd2 34.
Nba3 Bxe2 35. Kg1 Bxa3 36. Nxa3 Bd3 37. Kf2 Nc4 38. Nxc4 c2 39. Ke3 c1=Q+ 40.
Kxd3 Qe1 41. g4 Qg3+ 42. Ne3 Qxf4 43. gxf5 gxf5 44. a3 Qg3 0-1

[Event "Open"]
[Site "Schneeberg"]
[Date "2009.03.11"]
[Round "4.1"]
[White "Wiezer, Siegfried"]
[Black "Laubsch, Bernd"]
[Result "0-1"]
[WhiteElo "2030"]
[BlackElo "2285"]
[PlyCount "40"]
[EventDate "2009.??.??"]

1. Nf3 g6 2. d4 Bg7 3. e3 Nf6 4. Be2 O-O 5. c4 d5 6. O-O c5 7. Nc3 cxd4 8. exd4
Nc6 9. cxd5 Nxd5 10. Qb3 Be6 11. Qd1 h6 12. Ne4 Qb6 13. Nc5 Bg4 14. Be3 Rfd8
15. Na4 Qb4 16. a3 Qd6 17. Nc5 Rab8 18. Qa4 Nxe3 19. fxe3 Bxf3 20. Rxf3 Nxd4
0-1

[Event "Open"]
[Site "Schneeberg"]
[Date "2009.03.11"]
[Round "4.1"]
[White "Schnabel, Ralf"]
[Black "Eichner, Christian"]
[Result "1-0"]
[WhiteElo "2245"]
[BlackElo "2161"]
[PlyCount "73"]
[EventDate "2009.??.??"]
[WhiteTeam "Deutschland"]
[BlackTeam "Deutschland"]
[WhiteTeamCountry "GER"]
[BlackTeamCountry "GER"]

1. e4 e5 2. Nf3 Nc6 3. Bb5 a6 4. Bxc6 dxc6 5. O-O Qd6 6. d3 Bg4 7. Nbd2 O-O-O
8. Nc4 Qe6 9. Ne3 h5 10. h3 Bxf3 11. Qxf3 Ne7 12. b3 Kb8 13. Ba3 Nc8 14. Bxf8
Rdxf8 15. Qf5 Qe7 16. Nc4 f6 17. Rad1 g6 18. Qxg6 Rfg8 19. Qf5 Rg5 20. Qf3 Rhg8
21. g3 Qe6 22. Kh2 c5 23. h4 Qg4 24. Qxg4 Rxg4 25. Ne3 R4g6 26. Nf5 b5 27. Rg1
Kb7 28. f3 Kb6 29. Kh3 Ka5 30. a3 Kb6 31. g4 a5 32. Rg3 Kc6 33. Rdg1 Kd7 34.
gxh5 Rxg3+ 35. Rxg3 Rh8 36. Rg7+ Kd8 37. h6 1-0

[Event "Open"]
[Site "Schneeberg"]
[Date "2009.03.11"]
[Round "4.1"]
[White "Fischer, Gerd"]
[Black "Welz, Peter Dr"]
[Result "0-1"]
[WhiteElo "1998"]
[BlackElo "2232"]
[PlyCount "62"]
[EventDate "2009.??.??"]

1. e4 e6 2. d3 d5 3. Nd2 Nf6 4. g3 c5 5. Bg2 Nc6 6. f4 Be7 7. Ngf3 Qb6 8. c3
O-O 9. Qe2 a5 10. a4 Qc7 11. O-O b6 12. Re1 Ba6 13. e5 Nd7 14. Bf1 Rae8 15. Qg2
f6 16. Qh3 fxe5 17. Qxe6+ Kh8 18. fxe5 Bf6 19. Qd6 Bxe5 20. Qxc7 Bxc7 21. Rxe8
Rxe8 22. Nb3 Nde5 23. Nxe5 Nxe5 24. Bf4 Nf3+ 25. Kf2 Bxf4 26. Kxf3 Bh6 27. Rd1
Bc8 28. Nc1 Bd7 29. b3 d4 30. c4 Be3 31. g4 Rf8+ 0-1

[Event "Open"]
[Site "Schneeberg"]
[Date "2009.03.11"]
[Round "4.2"]
[White "Jandke, Manfred"]
[Black "Zimmermann, Rene"]
[Result "1-0"]
[WhiteElo "2177"]
[BlackElo "2016"]
[PlyCount "73"]
[EventDate "2009.??.??"]
[WhiteTeam "Deutschland"]
[BlackTeam "Deutschland"]
[WhiteTeamCountry "GER"]
[BlackTeamCountry "GER"]

1. Nf3 Nf6 2. c4 c5 3. Nc3 Nc6 4. g3 e6 5. Bg2 Be7 6. d4 cxd4 7. Nxd4 O-O 8.
O-O Qc7 9. Ndb5 Qb8 10. e4 a6 11. Nd4 Nxd4 12. Qxd4 d6 13. Rd1 Qc7 14. Bg5 Bd7
15. Bc1 Bc8 16. Bg5 Bd7 17. Rac1 Bc6 18. h3 Rad8 19. Be3 Nd7 20. Nd5 exd5 21.
cxd5 Nc5 22. dxc6 bxc6 23. b4 Ne6 24. Qc4 a5 25. b5 c5 26. f4 Qb6 27. f5 Nc7
28. a4 Bf6 29. Bf4 Rfe8 30. Rd3 Na8 31. Rcd1 Be5 32. Kh2 Qc7 33. Bd2 Bxg3+ 34.
Rxg3 d5 35. exd5 Nb6 36. Qg4 g6 37. Bxa5 1-0

[Event "Open"]
[Site "Schneeberg"]
[Date "2009.03.11"]
[Round "4.2"]
[White "Schoenfelder, Claus"]
[Black "Bachmann, Uwe"]
[Result "0-1"]
[WhiteElo "1542"]
[BlackElo "2042"]
[PlyCount "82"]
[EventDate "2009.??.??"]

1. e4 e5 2. Nf3 Nf6 3. d3 Nc6 4. Be2 Bc5 5. O-O O-O 6. a3 Re8 7. Nc3 d5 8. exd5
Nxd5 9. Ne4 Bb6 10. Bg5 f6 11. Bd2 a6 12. Nc3 Nxc3 13. Bxc3 Qe7 14. Nd2 Nd4 15.
Bxd4 Bxd4 16. Rb1 Be6 17. c3 Bb6 18. Ne4 Rad8 19. Qc2 Qf7 20. c4 Bd4 21. Kh1 b5
22. f4 Qe7 23. f5 Bf7 24. Ng3 Rb8 25. Bh5 g6 26. fxg6 hxg6 27. Bf3 Kg7 28. Bc6
Rh8 29. h3 Rb6 30. cxb5 axb5 31. Be4 Be6 32. Qe2 Qd7 33. Rf2 Bxf2 34. Qxf2 Rd6
35. Rf1 f5 36. Bf3 Rxd3 37. Qc5 Qd6 38. Qxb5 e4 39. Nxe4 fxe4 40. Bxe4 Rd2 41.
Qg5 Rxh3+ 0-1

[Event "Open"]
[Site "Schneeberg"]
[Date "2009.03.11"]
[Round "4.2"]
[White "Poessel, Christian"]
[Black "Stark, Saskia"]
[Result "0-1"]
[WhiteElo "1582"]
[BlackElo "1929"]
[PlyCount "88"]
[EventDate "2009.??.??"]
[WhiteTeam "Deutschland"]
[BlackTeam "Deutschland"]
[WhiteTeamCountry "GER"]
[BlackTeamCountry "GER"]

1. d4 d5 2. c4 dxc4 3. e4 e5 4. Nf3 exd4 5. Bxc4 Nc6 6. O-O Be6 7. Bb5 Bc5 8.
b4 Bb6 9. Bb2 Bg4 10. Qd3 Bxf3 11. Qxf3 Nge7 12. Rd1 O-O 13. Qb3 Qd6 14. a3 Ne5
15. Nd2 a6 16. Bd3 N7g6 17. g3 Nxd3 18. Qxd3 Ne5 19. Qc2 Rad8 20. Kg2 Qh6 21.
Nc4 Nxc4 22. Qxc4 Qe6 23. Qxe6 fxe6 24. f4 e5 25. fxe5 Rfe8 26. Rd3 Rxe5 27.
Re1 Kf7 28. Bc1 Rde8 29. Kf3 g5 30. h3 Kg6 31. Bb2 Rf8+ 32. Kg2 Rd8 33. Kf3 a5
34. Bc1 Rf8+ 35. Kg2 Rfe8 36. Kf3 axb4 37. axb4 Rb5 38. Bd2 c6 39. Re2 Rbe5 40.
Bc1 Rf8+ 41. Kg2 Rb5 42. Bd2 h6 43. Be1 Rd8 44. e5 Rdd5 0-1

[Event "Open"]
[Site "Schneeberg"]
[Date "2009.03.11"]
[Round "4.2"]
[White "Lassahn, Holger"]
[Black "Gottwald, Lutz"]
[Result "0-1"]
[WhiteElo "2007"]
[BlackElo "1900"]
[PlyCount "110"]
[EventDate "2009.??.??"]

1. e4 c6 2. d4 d5 3. exd5 cxd5 4. Bd3 Nc6 5. c3 g6 6. h3 Bg7 7. Nf3 Nf6 8. O-O
O-O 9. Na3 Nd7 10. Bg5 a6 11. Re1 b5 12. Qd2 Re8 13. Nc2 Qb6 14. Ne3 e6 15. Ng4
e5 16. dxe5 Ncxe5 17. Nfxe5 Nxe5 18. Nxe5 Bxe5 19. Re2 Bd7 20. Rae1 Bg7 21.
Rxe8+ Rxe8 22. Rxe8+ Bxe8 23. Qe3 Qe6 24. Kf1 Qxe3 25. Bxe3 f5 26. Ke2 Kf7 27.
Kd2 Ke6 28. Bc2 Bf6 29. f4 Be7 30. Kd3 b4 31. cxb4 Bxb4 32. Bd4 Bb5+ 33. Ke3
Kd6 34. a3 Be1 35. Kf3 Bd7 36. Ke2 Bg3 37. Kf3 Be1 38. a4 Bb4 39. Ke2 a5 40.
Kd3 Bc6 41. Bd1 Bd7 42. Bc3 Kc5 43. b3 Bxc3 44. Kxc3 d4+ 45. Kb2 Bc6 46. g4 Be4
47. gxf5 Bxf5 48. Bg4 Kb4 49. Bd1 Bxh3 50. Kc2 Be6 51. Kd3 Bxb3 52. Bg4 Kc5 53.
Bd7 Kd5 54. Be8 Bc4+ 55. Kd2 Ke4 0-1